书目信息

书名: 建国以来短篇小说上 
作者: 上海文艺出版社 选编
出版信息: 上海   上海文艺出版社  1978.05
开本页数: 19cm  676页
丛书名:
单 册:
中图分类: I24
科图分类:
主题词: 小说--中国
电子资源:
ISBN:
000 00617nam0 2200205 45
001 0196014047
005 20060308134936.31
010    @dCNY1.45
100    @a19960704d1978 em y0chiy0121 ea
101 @achi
102    @aCN@b310000
105    @ay z 000yy
200 @a建国以来短篇小说@AJian Guo Yi Lai Duan Pian Xiao Shuo@h上@f上海文艺出版社选编@FShang Hai Wen Yi Chu Ban She Xuan Bian
210    @a上海@c上海文艺出版社@d1978.05
215    @a676页@d19cm
606 @a小说@x中国
690    @aI24@v3
711    @a上海文艺出版社@AShang Hai Wen Yi Chu Ban She@4选编
801 @c20060308
905    @a10447@dI24@e185:1
    
    建国以来短篇小说.上/上海文艺出版社选编.-上海:上海文艺出版社,1978.05
    676页;19cm
    
    
    ISBN :CNY1.45
    
相关链接 在五车中查询图书 在当当中查询图书 在豆瓣中查询图书


正题名:建国以来短篇小说     索取号:I24/185:1         预约/预借

序号 登录号 条形码 馆藏地/架位号 状态 备注
1 121946   201219467   海科密-1楼/35架9列2层/ [索取号:I24/185:1] 在馆